[Event "SVK-chT3B2 1920"]
[Site "Slovakia"]
[Date "2020.02.23"]
[Round "9.8"]
[White "Kulich, Daniel"]
[Black "Flak, Lubomir"]
[Result "1/2-1/2"]
[WhiteElo "1433"]
[BlackElo "1625"]
[PlyCount "87"]
[EventDate "2019.10.06"]
[EventType "team-tourn"]
[EventRounds "11"]
[EventCountry "SVK"]
[SourceTitle "CBM 195 Extra"]
[Source "ChessBase"]
[SourceDate "2020.05.31"]
[SourceVersion "1"]
[SourceVersionDate "2020.05.31"]
[SourceQuality "1"]
[WhiteTeam "Povazske Podhradie"]
[BlackTeam "Handlova"]
[WhiteTeamCountry "SVK"]
[BlackTeamCountry "SVK"]

1. e4 Nf6 2. Nc3 e5 3. Nf3 Nc6 4. d4 exd4 5. Nxd4 d6 6. Bc4 Nxd4 7. Qxd4 Be7 8. Bf4 0-0 9. 0-0 Re8 10. h3 h6 11. Rad1 Bd7 12. Rfe1 Bf8 13. Nd5 Nh5 14. Qd2 Nxf4 15. Qxf4 Be6 16. Ne3 Bxc4 17. Nxc4 b5 18. Ne3 Re5 19. Nd5 c6 20. Nb4 Qe8 21. Nd3 Re6 22. Rc1 Be7 23. Qg3 Bf6 24. f3 Qe7 25. Qf2 Bh4 26. g3 Rg6 27. Qe2 Bxg3 28. Nf2 Bf4+ 29. Kf1 Bxc1 30. Rxc1 Qg5 31. Qd1 Qg1+ 32. Ke2 Qxd1+ 33. Nxd1 Re6 34. c4 b4 35. Nf2 a5 36. b3 f5 37. Rd1 fxe4 38. fxe4 Rae8 39. Ke3 g5 40. Rd2 Kg7 41. Rd1 h5 42. Rg1 Kf6 43. Rf1 Kg6 44. Rd1 1/2-1/2

[Event "SVK-chT3B2 1920"]
[Site "Slovakia"]
[Date "2020.02.02"]
[Round "7.6"]
[White "Flak, Lubomir"]
[Black "Horecny, Marian"]
[Result "1-0"]
[WhiteElo "1625"]
[BlackElo "1395"]
[PlyCount "121"]
[EventDate "2019.10.06"]
[EventType "team-tourn"]
[EventRounds "11"]
[EventCountry "SVK"]
[SourceTitle "CBM 195 Extra"]
[Source "ChessBase"]
[SourceDate "2020.05.31"]
[SourceVersion "1"]
[SourceVersionDate "2020.05.31"]
[SourceQuality "1"]
[WhiteTeam "Handlova"]
[BlackTeam "Nemsova Horne Srnie II"]
[WhiteTeamCountry "SVK"]
[BlackTeamCountry "SVK"]

1. d4 d6 2. c4 e6 3. Nf3 h6 4. e4 Be7 5. Nc3 Nd7 6. Be3 a6 7. Be2 g6 8. 0-0 Ngf6 9. h3 g5 10. e5 Nh7 11. exd6 cxd6 12. Nd2 h5 13. Bxh5 Ndf6 14. Be2 Ng8 15. f4 gxf4 16. Bxf4 Ng5 17. Bxg5 Bxg5 18. Rf3 Nf6 19. Nde4 Nxe4 20. Nxe4 Be7 21. Qd2 f5 22. Nc3 Bg5 23. Qd3 Qe7 24. Rff1 Qg7 25. Rad1 Bd7 26. Qg3 Rg8 27. Bh5+ Kd8 28. Kh1 Qh6 29. Bf3 f4 30. Qf2 Bh4 31. Qe2 Bg3 32. Ne4 Ke7 33. Bg4 Rg6 34. Bh5 Rg7 35. Rd3 Rag8 36. Nxg3 Rxg3 37. Rxg3 Rxg3 38. Bg4 Qg5 39. Qf2 e5 40. Bxd7 Kxd7 41. dxe5 dxe5 42. Rd1+ Ke6 43. Qd2 Qe7 44. Qd5+ Kf5 45. Re1 Kf6 46. c5 f3 47. Rf1 Qh7 48. Rxf3+ Rxf3 49. Qxf3+ Ke6 50. Qb3+ Kf6 51. Kh2 Qc7 52. Qb6+ Qxb6 53. cxb6 e4 54. Kg3 Ke5 55. Kf2 Kd4 56. Ke1 Ke3 57. g4 Kf4 58. Ke2 Ke5 59. h4 Kf4 60. h5 Kxg4 61. h6 1-0

[Event "SVK-chT3B2 1920"]
[Site "Slovakia"]
[Date "2019.12.08"]
[Round "5.6"]
[White "Flak, Lubomir"]
[Black "Mazur, Mario1111"]
[Result "0-1"]
[WhiteElo "1625"]
[BlackElo "1608"]
[PlyCount "116"]
[EventDate "2019.10.06"]
[EventType "team-tourn"]
[EventRounds "11"]
[EventCountry "SVK"]
[SourceTitle "CBM 194 Extra"]
[Source "ChessBase"]
[SourceDate "2020.03.31"]
[SourceVersion "1"]
[SourceVersionDate "2020.03.31"]
[SourceQuality "1"]
[WhiteTeam "Handlova"]
[BlackTeam "Belusa"]
[WhiteTeamCountry "SVK"]
[BlackTeamCountry "SVK"]

1. d4 d5 2. c4 e6 3. Nf3 Nf6 4. Bg5 Be7 5. e3 b6 6. cxd5 Nxd5 7. Bxe7 Nxe7 8. Bd3 Bb7 9. 0-0 0-0 10. Qe2 Nd7 11. Nc3 c5 12. Rfd1 cxd4 13. exd4 Nf6 14. Rac1 Ned5 15. Bb1 Nf4 16. Qe3 N6d5 17. Nxd5 Nxd5 18. Qd3 g6 19. Qd2 Qf6 20. Be4 Rab8 21. Ne5 Rfd8 22. Bxd5 Bxd5 23. Rc7 Rb7 24. Rdc1 Bxg2 25. Kxg2 Rxc7 26. Rxc7 Qxe5 27. dxe5 Rxd2 28. Rxa7 Rxb2 29. Kf3 Rb4 30. a4 Kg7 31. a5 bxa5 32. Rxa5 g5 33. h3 Kg6 34. Rc5 Rf4+ 35. Kg3 Rf5 36. h4 h6 37. hxg5 hxg5 38. Rc4 Rxe5 39. f3 Ra5 40. Rc8 Kf5 41. Rc3 f6 42. Rc4 Ra3 43. Kf2 e5 44. Rb4 Rd3 45. Ke2 Rd4 46. Rb6 e4 47. fxe4+ Rxe4+ 48. Kf3 g4+ 49. Kg3 Kg5 50. Rb8 Re3+ 51. Kf2 Rf3+ 52. Kg2 f5 53. Rb7 Re3 54. Rb5 Kf4 55. Rb4+ Re4 56. Rb3 Ra4 57. Rb2 g3 58. Rc2 Kg4 0-1

[Event "SVK-chT3B2 1718"]
[Site "Slovakia"]
[Date "2018.03.04"]
[Round "10.6"]
[White "Flak, Lubomir"]
[Black "Sokol, Eduard"]
[Result "1-0"]
[WhiteElo "1679"]
[BlackElo "1685"]
[PlyCount "79"]
[EventDate "2017.10.08"]
[EventType "team-tourn"]
[EventRounds "11"]
[EventCountry "SVK"]
[SourceTitle "EXT 2020"]
[Source "ChessBase"]
[SourceDate "2019.10.17"]
[SourceVersion "1"]
[SourceVersionDate "2019.10.17"]
[SourceQuality "1"]
[WhiteTeam "Handlova"]
[BlackTeam "Prievidza II"]
[WhiteTeamCountry "SVK"]
[BlackTeamCountry "SVK"]

1. d4 Nf6 2. c4 g6 3. Nc3 Bg7 4. e4 d6 5. Be2 0-0 6. Nf3 Nc6 7. a3 e5 8. d5 Ne7 9. 0-0 Ne8 10. g3 f5 11. exf5 Bxf5 12. Nh4 Bh3 13. Re1 Nf5 14. Nxf5 Bxf5 15. Bg4 Qd7 16. Bxf5 Qxf5 17. Qe2 Nf6 18. Rf1 c6 19. f3 Rf7 20. g4 Qd7 21. Bg5 Raf8 22. Bxf6 Rxf6 23. Ne4 Rf4 24. Ng5 Rc8 25. Ne6 Rf7 26. Rac1 Bh6 27. Rc2 Bf4 28. Kg2 Qe7 29. Nxf4 Rxf4 30. dxc6 bxc6 31. b4 Rcf8 32. Qd1 Rd4 33. Qe2 Qg5 34. Rd1 Rff4 35. Rxd4 Rxd4 36. Qf2 Qf4 37. Re2 Qc1 38. c5 Qf4 39. cxd6 a6 40. Qe3 1-0

[Event "SVK-chT3B2 1718"]
[Site "Slovakia"]
[Date "2017.11.05"]
[Round "3.6"]
[White "Mazur, Mario1111"]
[Black "Flak, Lubomir"]
[Result "0-1"]
[WhiteElo "1389"]
[BlackElo "1679"]
[PlyCount "86"]
[EventDate "2017.10.08"]
[EventType "team-tourn"]
[EventRounds "11"]
[EventCountry "SVK"]
[SourceTitle "EXT 2019"]
[Source "ChessBase"]
[SourceDate "2018.10.10"]
[SourceVersion "1"]
[SourceVersionDate "2018.10.10"]
[SourceQuality "1"]
[WhiteTeam "Belusa"]
[BlackTeam "Handlova"]
[WhiteTeamCountry "SVK"]
[BlackTeamCountry "SVK"]

1. e4 e6 2. d4 d5 3. e5 c5 4. Nf3 Nc6 5. c3 Qb6 6. Qb3 Qc7 7. Bb5 Bd7 8. Bg5 cxd4 9. cxd4 Nge7 10. 0-0 a6 11. Bxc6 Bxc6 12. Nbd2 h6 13. Bh4 Nf5 14. Bg3 Be7 15. Rac1 0-0 16. h3 Nxg3 17. fxg3 Qd8 18. Qe3 Bb5 19. Rf2 Rc8 20. Rxc8 Qxc8 21. Qc3 Qxc3 22. bxc3 Rc8 23. Nb1 Bd3 24. Rb2 b5 25. Nfd2 Bg5 26. Rb3 Bc2 27. Rb2 Bd3 28. Rb3 Be3+ 29. Kh2 g6 30. g4 Kg7 31. h4 a5 32. a4 bxa4 33. Ra3 Rb8 34. c4 dxc4 35. h5 Bxb1 36. Rxe3 Bd3 37. Re1 Rb2 38. Nf3 a3 39. hxg6 Kxg6 40. Ra1 a2 41. Kg3 Bb1 42. Ne1 c3 43. Kf3 c2 0-1

[Event "SVK-chT3B2 1314"]
[Site "Slovakia"]
[Date "2014.02.16"]
[Round "8.1"]
[White "Kolek, Pavol"]
[Black "Flak, Lubomir"]
[Result "1-0"]
[WhiteElo "1610"]
[BlackElo "1693"]
[PlyCount "49"]
[EventDate "2013.10.13"]
[EventType "team-tourn"]
[EventRounds "14"]
[EventCountry "SVK"]
[SourceTitle "EXT 2015"]
[Source "ChessBase"]
[SourceDate "2014.11.20"]
[SourceVersion "1"]
[SourceVersionDate "2014.11.20"]
[SourceQuality "1"]
[WhiteTeam "Povazska Bystrica SK Sparta II"]
[BlackTeam "Handlova"]
[WhiteTeamCountry "SVK"]
[BlackTeamCountry "SVK"]

1. e4 c5 2. Nf3 Nc6 3. d4 cxd4 4. Nxd4 g6 5. Nc3 Bg7 6. Be3 Nf6 7. f3 0-0 8. Be2 a6 9. 0-0 Qc7 10. Qd2 e5 11. Nb3 d6 12. Rad1 Rd8 13. Na4 Be6 14. Bb6 Qd7 15. Bxd8 Rxd8 16. c4 Nh5 17. Nb6 Qc7 18. Nd5 Bxd5 19. cxd5 Ne7 20. g3 Qd7 21. Rc1 Rc8 22. Rxc8+ Qxc8 23. Rc1 Qd7 24. Qa5 Nf6 25. Rc7 1-0

[Event "SVK-chT3B2 1314"]
[Site "Slovakia"]
[Date "2013.11.10"]
[Round "3.2"]
[White "Flak, Lubomir"]
[Black "Hoppan, Igor1111"]
[Result "1/2-1/2"]
[WhiteElo "1693"]
[BlackElo "1435"]
[PlyCount "60"]
[EventDate "2013.10.13"]
[EventType "team-tourn"]
[EventRounds "14"]
[EventCountry "SVK"]
[SourceTitle "EXT 2015"]
[Source "ChessBase"]
[SourceDate "2014.11.20"]
[SourceVersion "1"]
[SourceVersionDate "2014.11.20"]
[SourceQuality "1"]
[WhiteTeam "Handlova"]
[BlackTeam "Prievidza SK III"]
[WhiteTeamCountry "SVK"]
[BlackTeamCountry "SVK"]

1. d4 Nf6 2. c4 g6 3. Nc3 Bg7 4. Nf3 d6 5. g3 Bd7 6. Bg2 0-0 7. 0-0 Re8 8. Qb3 Qc8 9. e4 e5 10. dxe5 dxe5 11. Bg5 c6 12. Qc2 Na6 13. a3 b6 14. Rfe1 Nc7 15. Rad1 Bg4 16. Bxf6 Bxf6 17. Rd6 Ne6 18. Ne2 Qc7 19. Rdd1 Rad8 20. b4 Rxd1 21. Rxd1 Rd8 22. h4 Rxd1+ 23. Qxd1 Qd8 24. Qxd8+ Nxd8 25. Kf1 Ne6 26. Ke1 Kf8 27. Kd2 Ke7 28. Nfg1 Bxe2 29. Nxe2 Bg7 30. Bh3 Nd4 1/2-1/2